The church and politics / (Record no. 1353)
[ view plain ]
| 000 -LEADER | |
|---|---|
| fixed length control field | 01017nam a2200289 a 4500 |
| 001 - CONTROL NUMBER | |
| control field | 4794888 |
| 003 - CONTROL NUMBER IDENTIFIER | |
| control field | GBCCL |
| 005 - DATE AND TIME OF LATEST TRANSACTION | |
| control field | 20241126110359.0 |
| 008 - FIXED-LENGTH DATA ELEMENTS--GENERAL INFORMATION | |
| fixed length control field | 890203s1987 ph 000 0 eng |
| 010 ## - | |
| -- | 87203292 |
| 020 ## - INTERNATIONAL STANDARD BOOK NUMBER | |
| International Standard Book Number | 9715011721 |
| 040 ## - CATALOGING SOURCE | |
| Original cataloging agency | DLC |
| Transcribing agency | DLC |
| Modifying agency | DLC |
| 043 ## - | |
| -- | a-ph--- |
| 050 00 - | |
| -- | BX1658.2 |
| -- | .B33 1987 |
| 082 00 - DEWEY DECIMAL CLASSIFICATION NUMBER | |
| Classification number | 261.7 |
| Edition information | 19 |
| Item number | BAC |
| 100 1# - MAIN ENTRY--PERSONAL NAME | |
| Personal name | Bacani, Teodoro C. |
| 9 (RLIN) | 2666 |
| 245 14 - TITLE STATEMENT | |
| Title | The church and politics / |
| Statement of responsibility, etc. | Teodoro C. Bacani. |
| 260 ## - PUBLICATION, DISTRIBUTION, ETC. | |
| Place of publication, distribution, etc. | Quezon City, Philippines : |
| Name of publisher, distributor, etc. | Claretian Publications, |
| Date of publication, distribution, etc. | c1987. |
| 300 ## - PHYSICAL DESCRIPTION | |
| Extent | 127 p. ; |
| Dimensions | 21 cm. |
| 610 20 - SUBJECT ADDED ENTRY--CORPORATE NAME | |
| Corporate name or jurisdiction name as entry element | Catholic Church |
| Geographic subdivision | Philippines |
| General subdivision | History |
| Chronological subdivision | 20th century. |
| 9 (RLIN) | 2667 |
| 610 20 - SUBJECT ADDED ENTRY--CORPORATE NAME | |
| Corporate name or jurisdiction name as entry element | Catholic Church |
| Geographic subdivision | Philippines |
| General subdivision | Clergy |
| -- | History |
| Chronological subdivision | 20th century. |
| 9 (RLIN) | 2668 |
| 650 #0 - SUBJECT ADDED ENTRY--TOPICAL TERM | |
| Topical term or geographic name entry element | Church and state |
| Geographic subdivision | Philippines |
| General subdivision | History |
| Chronological subdivision | 20th century. |
| 9 (RLIN) | 2669 |
| 650 #0 - SUBJECT ADDED ENTRY--TOPICAL TERM | |
| Topical term or geographic name entry element | Christianity and politics |
| General subdivision | History |
| Chronological subdivision | 20th century. |
| 9 (RLIN) | 2670 |
| 651 #0 - SUBJECT ADDED ENTRY--GEOGRAPHIC NAME | |
| Geographic name | Philippines |
| General subdivision | Church history |
| Chronological subdivision | 20th century. |
| 9 (RLIN) | 2671 |
| 906 ## - LOCAL DATA ELEMENT F, LDF (RLIN) | |
| a | 7 |
| b | cbc |
| c | orignew |
| d | 3 |
| e | ncip |
| f | 19 |
| g | y-gencatlg |
| 942 ## - ADDED ENTRY ELEMENTS (KOHA) | |
| Source of classification or shelving scheme | Dewey Decimal Classification |
| Koha item type | Books |
| Koha issues (borrowed), all copies | 8 |
| Withdrawn status | Lost status | Source of classification or shelving scheme | Damaged status | Not for loan | Home library | Current Library | Shelving location | Date acquired | Total checkouts | Total renewals | Full call number | Barcode | Date last seen | Date last checked out | Copy number | Price effective from | Koha item type |
|---|---|---|---|---|---|---|---|---|---|---|---|---|---|---|---|---|---|
| Dewey Decimal Classification | GRACE BIBLE COLLEGE | GRACE BIBLE COLLEGE | Ministry & Mission | 2017-04-26 | 8 | 3 | 261.7 BAC | 005588 | 2025-05-01 | 2023-10-10 | c.1 | 2017-04-26 | Books |